[Event "Calvia Amateur op 13th"]
[Site "Calvia"]
[Date "2016.10.10"]
[Round "3"]
[White "Aditya, S Hariharan"]
[Black "Amengual Perello, Jordi"]
[Result "1-0"]
[WhiteElo "1641"]
[BlackElo "1393"]
[PlyCount "65"]
[EventDate "2016.10.08"]
[EventType "swiss"]
[EventRounds "9"]
[EventCountry "ESP"]
[SourceTitle "CBM 175 Extra"]
[Source "ChessBase"]
[SourceDate "2016.12.12"]
[SourceVersion "1"]
[SourceVersionDate "2016.12.12"]
[SourceQuality "1"]

1. d4 d5 2. c4 e6 3. Nc3 Nf6 4. Bg5 Be7 5. Nf3 Nbd7 6. e3 b6 7. cxd5 exd5 8. Bd3 0-0 9. 0-0 Bb7 10. Qc2 h6 11. Bh4 Rc8 12. Bf5 Ne4 13. Bxe7 Qxe7 14. Nxe4 dxe4 15. Ne5 Nxe5 16. Bxc8 Nf3+ 17. gxf3 Rxc8 18. f4 Rd8 19. Kh1 Rd5 20. Rg1 Rh5 21. Rg2 Bc8 22. Rag1 g6 23. Qc6 Bf5 24. Rc1 Bh3 25. Rg3 Qh4 26. Qe8+ Kg7 27. Rxc7 Bd7 28. Rxg6+ Kxg6 29. Qg8+ Kf6 30. Qd8+ Kg6 31. Qxh4 Rxh4 32. Rxd7 a6 33. Rd6+ 1-0

[Event "Negombo op 2nd"]
[Site "Negombo"]
[Date "2016.08.16"]
[Round "7"]
[White "Aditya, S Hariharan"]
[Black "Perera, MCC"]
[Result "1-0"]
[WhiteElo "1675"]
[BlackElo "1405"]
[PlyCount "125"]
[EventDate "2016.08.13"]
[EventType "swiss"]
[EventRounds "9"]
[EventCountry "SRI"]
[SourceTitle "EXT 2019"]
[Source "ChessBase"]
[SourceDate "2018.10.10"]
[SourceVersion "1"]
[SourceVersionDate "2018.10.10"]
[SourceQuality "1"]

1. d4 Nf6 2. c4 e6 3. Nc3 Bb4 4. Nf3 b6 5. Bg5 h6 6. Bh4 Bb7 7. e3 Be7 8. Bd3 Na6 9. a3 0-0 10. 0-0 c5 11. Bc2 d5 12. cxd5 exd5 13. Ne5 c4 14. Qf3 Ne4 15. Bxe7 Qxe7 16. Nxe4 dxe4 17. Bxe4 Bxe4 18. Qxe4 Rfd8 19. Qf3 Qe6 20. Qb7 Nc5 21. Qxf7+ Qxf7 22. Nxf7 Kxf7 23. dxc5 Rd2 24. cxb6 axb6 25. Rab1 Rad8 26. Rfc1 b5 27. Kf1 R2d5 28. Ke2 Rd2+ 29. Ke1 R8d3 30. Rd1 Rc2 31. Rxd3 cxd3 32. Rd1 Rxb2 33. Rxd3 Ra2 34. Rb3 Kf6 35. Rxb5 Rxa3 36. Ke2 Ra2+ 37. Kf3 Rc2 38. h4 Rc4 39. g3 g6 40. e4 Rc2 41. Ke3 Rc3+ 42. Kf4 Rc4 43. g4 Rc2 44. g5+ hxg5+ 45. hxg5+ Ke6 46. f3 Rc6 47. Rb7 Rc8 48. Rg7 Rf8+ 49. Kg4 Ke5 50. Rxg6 Rf4+ 51. Kg3 Rf8 52. Rf6 Rg8 53. Kg4 Rg7 54. Kh5 Rh7+ 55. Kg6 Ra7 56. Rf7 Ra6+ 57. Kg7 Re6 58. g6 Kd4 59. Kh7 Re5 60. g7 Rh5+ 61. Kg6 Rh3 62. Rf5 Rg3+ 63. Rg5 1-0

[Event "Negombo op 2nd"]
[Site "Negombo"]
[Date "2016.08.13"]
[Round "2"]
[White "Sheshan, HHN"]
[Black "Aditya, S Hariharan"]
[Result "0-1"]
[WhiteElo "1070"]
[BlackElo "1675"]
[PlyCount "56"]
[EventDate "2016.08.13"]
[EventType "swiss"]
[EventRounds "9"]
[EventCountry "SRI"]
[SourceTitle "EXT 2019"]
[Source "ChessBase"]
[SourceDate "2018.10.10"]
[SourceVersion "1"]
[SourceVersionDate "2018.10.10"]
[SourceQuality "1"]

1. d4 Nf6 2. Nf3 e6 3. e3 d5 4. Bd3 Bd6 5. 0-0 Nbd7 6. Nbd2 e5 7. dxe5 Nxe5 8. Nxe5 Bxe5 9. Nf3 Bd6 10. h3 Bd7 11. b3 Qc8 12. Nd4 Bxh3 13. gxh3 Qxh3 14. f4 g5 15. Qf3 Qxf3 16. Rxf3 g4 17. Rg3 h5 18. Nb5 h4 19. Nxd6+ cxd6 20. Rg2 g3 21. Bb2 Ke7 22. Kf1 Rag8 23. Ke2 h3 24. Rgg1 h2 25. Kf3 hxg1Q 26. Rxg1 Rh3 27. Kg2 Rh2+ 28. Kf3 Rf2# 0-1

[Event "Aligarh Pavna op"]
[Site "Aligarh"]
[Date "2016.05.19"]
[Round "5"]
[White "Aditya, S Hariharan"]
[Black "Gajendra, Singh"]
[Result "1/2-1/2"]
[WhiteElo "1528"]
[BlackElo "2013"]
[PlyCount "102"]
[EventDate "2016.05.17"]
[EventType "swiss"]
[EventRounds "9"]
[EventCountry "IND"]
[SourceTitle "CBM 172 Extra"]
[Source "ChessBase"]
[SourceDate "2016.06.21"]
[SourceVersion "1"]
[SourceVersionDate "2016.06.21"]
[SourceQuality "1"]

1. d4 e6 2. c4 Nf6 3. Nc3 Bb4 4. Nf3 0-0 5. Bg5 h6 6. Bh4 d6 7. e3 Nbd7 8. Be2 b6 9. 0-0 Bb7 10. Rc1 Bxc3 11. Rxc3 Qe8 12. Nd2 e5 13. Bf3 e4 14. Be2 a5 15. Qb1 Kh8 16. Bxf6 Nxf6 17. c5 dxc5 18. dxc5 Rd8 19. Rd1 b5 20. Nb3 Rxd1+ 21. Qxd1 a4 22. Nd4 Bc6 23. Qf1 Nd5 24. Rc1 b4 25. Qd1 Qa8 26. Nxc6 Qxc6 27. Qd4 Qe6 28. Bc4 Rd8 29. c6 Qxc6 30. Rd1 Qb7 31. Bxd5 c6 32. Qxe4 cxd5 33. Qd4 Rc8 34. g3 Rc2 35. a3 b3 36. Qxa4 Rxb2 37. Qb4 Qc8 38. Rxd5 Rb1+ 39. Kg2 b2 40. Qd4 Qa8 41. Kh3 Qxd5 42. Qxd5 Rc1 43. Qd8+ Kh7 44. Qd3+ Kg8 45. Qd8+ Kh7 46. Qd3+ g6 47. Qb3 b1Q 48. Qxf7+ Kh8 49. Qf8+ Kh7 50. Qf7+ Kh8 51. Qf8+ Kh7 1/2-1/2